000 00594nam a22001937a 4500
005 20251108165857.0
008 250721s1992 xx 000 0 ara d
082 1 4 _aط/590/أند
100 1 _aأندروز، روى تشابمان
245 1 0 _aالوحوش الغربية في الماضي /
250 _aط.7.
264 1 _aالقاهره :
_bدار المعارف،
_c1992.
300 _a114ص : مص.
490 0 _aسلسلة كل شيء عن ؛ 23
650 1 7 _aالحيوانات
700 1 _aرمضان، محمود محمد
_eترجمة
942 _2ddc
_cBK
999 _c33637
_d33637